000 00773nam a2200229 i 4500
001 84641
003 ES-MaACL
005 20250531063031.0
007 t|
008 041123s1953 sp ||||1| spa d
100 1 _aJiménez de Gregorio, Fernando,
_d1911-2012
_966505
245 1 0 _aToledo en la guerra por la independencia de 1808 /
_cpor Fernando Jiménez de Gregorio.
260 _aToledo :
_b[s.n.,
_c1953] (
_fImp. Diputación)
300 _a178 p., 1 lám. ;
_c21 cm.
490 1 _aToledo
500 _aPrecede al tít.: Diputación Provincial de Toledo.
710 1 _aToledo (Provincia).
_bDiputación Provincial.
_96968
830 0 _aToledo
_9183215
852 _aES-MaACL
_jC-8397
_bR.36305
852 _aES-MaACL
_jC-8768
999 _c84641
_d84641